| 000 | 00923nam a22002537a 4500 | ||
|---|---|---|---|
| 001 | 9040 | ||
| 003 | FISKH | ||
| 005 | 20251117103555.0 | ||
| 008 | 251117b cb ||||| |||| 00| 0 eng d | ||
| 040 |
_aFISKH _beng _cFISKH _dFISKH |
||
| 050 | _aPZ7 | ||
| 082 | _a398.2 | ||
| 100 |
_aAardema, Verna _eAuthor |
||
| 245 |
_aAnimal tales from Africa / _cVerna Aardema |
||
| 260 |
_aChicago : _bScience Research Associates Inc. , _c1972 |
||
| 300 |
_a28 pages : _bcolor illustrations ; _c21 cm |
||
| 505 | _aJ | ||
| 520 | _aA collection of traditional African folktales retold by Verna Aardema, featuring clever animals, tricksters, and magical transformations. Each story teaches a cultural lesson through humor, rhythm, and lively storytelling inspired by African oral traditions. | ||
| 521 | 8 |
_a500
_bLexile estimate |
|
| 521 | 8 |
_aJ
_bRaz-Plus |
|
| 650 |
_aTales _vAnimals |
||
| 942 |
_2ddc _cBK _n0 |
||
| 999 |
_c9040 _d9040 |
||